BUBT Library Online Catalog

The Oxford Guide Writing (Record no. 388)

000 -LEADER
fixed length control field 00629nam a22002537a 4500
008 - FIXED-LENGTH DATA ELEMENTS--GENERAL INFORMATION
fixed length control field 130514b xxu||||| |||| 00| 0 eng d
020 ## - INTERNATIONAL STANDARD BOOK NUMBER
International Standard Book Number 0-19-566697-8
024 ## - OTHER STANDARD IDENTIFIER
Terms of availability available
037 ## - SOURCE OF ACQUISITION
Terms of availability available
082 ## - DEWEY DECIMAL CLASSIFICATION NUMBER
Edition number 22
Classification number 421 SEO
100 ## - MAIN ENTRY--PERSONAL NAME
Personal name Seely, John
110 ## - MAIN ENTRY--CORPORATE NAME
Corporate name or jurisdiction name as entry element
245 ## - TITLE STATEMENT
Title The Oxford Guide Writing
250 ## - EDITION STATEMENT
Edition statement
260 ## - PUBLICATION, DISTRIBUTION, ETC. (IMPRINT)
Place of publication, distribution, etc. New Delhi
Name of publisher, distributor, etc. Oxford University Press
Date of publication, distribution, etc. 2002
300 ## - PHYSICAL DESCRIPTION
Extent 17.5 cm
Other physical details 304 page
Type of unit 2
Size of unit 17.5 cm
600 ## - SUBJECT ADDED ENTRY--PERSONAL NAME
Personal name Phonology
650 ## - SUBJECT ADDED ENTRY--TOPICAL TERM
Source of heading or term
700 ## - ADDED ENTRY--PERSONAL NAME
Personal name Seely, John
270 ## - ADDRESS
Address New Delhi
City New Delhi
Country India
365 ## - TRADE PRICE
Price amount 244.00
Unit of pricing 244.00
942 ## - ADDED ENTRY ELEMENTS (KOHA)
Source of classification or shelving scheme
Koha item type Books

No items available.

More Information About Library

Library Hours

  • Open: 9.00 am. to 9.00 pm.
  • Only Sunday: 9.00 am. to 6.00 pm.
  • Closed: Holiday

Contact to the University

Bangladesh University of Business and Technology Library

  • Mirpurl-2, 1216.
  • Phone:
  • Fax:
  • E-Mail: admin.library@bubt.edu.bd

Contact to the Library

Contact Person:

Md. Abdul Hakim Shah
Joint Librarian
PABX No:  113
Cell No: 01816332931
E-mail: official: admin.library@bubt.edu.bd
Personal: hakim.shah@bubt.edu.bd


BUBT Library

Copyright © 2021